| 000 | 00998nam a22002297a 4500 | ||
|---|---|---|---|
| 999 |
_c21708 _d21708 |
||
| 003 | AR-CdUCM | ||
| 008 | 190425b ||||| |||| 00| 0 spa d | ||
| 040 |
_aMUNICIPALIDAD PROVINCIAL DEL CUSCO _cBIBLIOTECA MUNICIPAL DEL CUSCO |
||
| 082 |
_aRev.Univ/N°43/1924 _bRev.Univ/N°43/1924 |
||
| 110 |
_aUniversidad Nacional de San Antonio Abad del Cusco _915942 |
||
| 245 |
_aRevista Universitaria : _bÓrgano de la Universidad del Cuzco / |
||
| 260 |
_aCusco : _bH. G. Rozas, _cmarzo 1924. |
||
| 300 |
_a77 páginas. : _c20 cm. |
||
| 440 |
_aRevista Universitaria _nAño XIII, marzo 1924, N°43 _945825 |
||
| 505 | _aContenido: Estudio geográfico del Cuzco. Federico Ponce de León. -- La Universidad del Cuzco en 1923. Memoria del rector Eufracio Álvarez. Crónica universitaria. | ||
| 650 |
_aUniversidades _92151 |
||
| 650 |
_aGeografía del Cusco _93257 |
||
| 650 |
_aSiglo XX _945821 |
||
| 710 |
_aUniversidad Nacional de San Antonio Abad del Cusco _915942 |
||
| 942 |
_2ddc _cPP |
||
| 945 | _arac | ||